1372 1106 1576 1068 1434 1064 1466 1805 1679 1106 1033 1859 1012 1309 1365 1994 1352 1128 1984 1783 1525 1721 1336 1814 1972 1472 1784 1113 1185 1284 1806 1287 1378 1086 1612 1779 1717 1128 1025 1068 1861 1003 1872 1441 1539 1607 1003 1503 1309 1742 1458 1059 1021 1228 1129 1044 1837 1635 1164 1766 1802 1047 1266 1186 1140 1497 1449 1774 1744 1518 1298 1864 1610 1844 1576 1477 1981 1183 1075 1823 1298 1814 1877 1217 1589 1494 1298 1021 1858 1682 1474 1812 1683 1702 1364 1974 1845 1408 1375 BCNSPRNW ULIB Ver.6.0+V

เปลี่ยนเป็นภาษาไทย

Change to English
 แสดงรายละเอียดบรรณานุกรม
  กลับหน้าหลัก

Brief Record : Get Marc (ISO 2709) : E-mail record : QR code < ปิดหน้าต่าง
LEADER : 00000nam 2200000uu 4500
001    13399127012
003     ULIB
008    191001s2561||||th 000 0 tha d
020    ^a9786164413191
060  0 ^aWS113^bก726ค
100 0  ^aกุลยา ตันติผลาชีวะ
245 10 ^aคู่มือพ่อแม่ผู้ปกครองการจัดการเรียนรู้สำหรับเด็กปฐมวัยแบบโรงเรียน Home School. /^cกุลยา ตันติผลาชีวะ.
250    ^aพิมพ์ครั้งที่ 1
260    ^aกรุงเทพฯ :^bต้นกล้า,^c2561
300    ^a208 หน้า :^bภาพประกอบ ;^c26 ซม.
650  0 ^aการศึกษาปฐมวัย^xการมีส่วนร่วมของบิดามารดา
945    ^p195^l0^i27853
945    ^p195^l0^i27854
945    ^p195^l0^i27857
945    ^p195^l0^i27856
945    ^p195^l0^i27855
999    ^aกัณชพร จุลอักษร
รายการนี้ยังไม่มีแท็ก
คุณยังไม่ได้ล็อกอิน คุณสามารถมีกิจกรรมร่วมกับเว็บไซต์ได้ แต่ต้องล็อกอินก่อน ::
  ล็อกอิน

รายการสื่อสารสนเทศ

ลำดับที่ ประเภท เลขเรียก/บาร์โค้ด สถานที่ สถานะ
1. หนังสือสำรอง
หนังสือสำรอง
WS113 ก726ค ฉ.1 
  Barcode: 27853
ห้องสมุดวิทยาเขตนครสวรรค์
►หนังสือทั่วไป:l:General Books
บนชั้น
2. วิทยาศาสตร์การแพทย์ และสุขภาพ
วิทยาศาสตร์การแพทย์ และสุขภาพ
WS113 ก726ค ฉ.2 
  Barcode: 27854
ห้องสมุดวิทยาเขตนครสวรรค์
►หนังสือทั่วไป:l:General Books
บนชั้น
3. วิทยาศาสตร์การแพทย์ และสุขภาพ
วิทยาศาสตร์การแพทย์ และสุขภาพ
WS113 ก726ค ฉ.3 
  Barcode: 27855
ห้องสมุดวิทยาเขตนครสวรรค์
►หนังสือทั่วไป:l:General Books
บนชั้น
4. วิทยาศาสตร์การแพทย์ และสุขภาพ
วิทยาศาสตร์การแพทย์ และสุขภาพ
WS113 ก726ค ฉ.4 
  Barcode: 27856
ห้องสมุดวิทยาเขตนครสวรรค์
►หนังสือทั่วไป:l:General Books
บนชั้น
5. วิทยาศาสตร์การแพทย์ และสุขภาพ
วิทยาศาสตร์การแพทย์ และสุขภาพ
WS113 ก726ค ฉ.5 
  Barcode: 27857
ห้องสมุดวิทยาเขตนครสวรรค์
►หนังสือทั่วไป:l:General Books
บนชั้น

BibComment


ยังไม่เคยถูกคอมเมนท์

คอมเมนท์ทรัพยากรรายการนี้
  คอมเมนท์: คู่มือพ่อแม่ผู้ป..


 Copyright 2026. Bcnsprnw @Library